Logo

Description automatically generated
विद्यार्जन
 संसाधन केंद्र, भारतीय प्रौद्योगिकी संस्थान इन्दौर
Learning Resource Center, Indian Institute of Technology Indore

ऑनलाइन सार्वजनिक अभिगम प्रसूची
Online Public Access Catalogue (OPAC)

Style : language variation and identity (Record no. 53140)

MARC details
000 -LEADER
fixed length control field 00691nam a22002297a 4500
005 - DATE AND TIME OF LATEST TRANSACTION
control field 20260409170455.0
008 - FIXED-LENGTH DATA ELEMENTS--GENERAL INFORMATION
fixed length control field 260409b |||||||| |||| 00| 0 eng d
020 ## - INTERNATIONAL STANDARD BOOK NUMBER
International Standard Book Number 9780521618144
Qualifying information pbk
082 ## - DEWEY DECIMAL CLASSIFICATION NUMBER
Classification number 417.7
Item number COU
100 ## - MAIN ENTRY--PERSONAL NAME
Personal name Coupland, Nikolas
245 ## - TITLE STATEMENT
Title Style : language variation and identity
250 ## - EDITION STATEMENT
Edition statement 1st pub. 2007 ; rep. 2009
260 ## - PUBLICATION, DISTRIBUTION, ETC.
Place of publication, distribution, etc. Cambridge
Name of publisher, distributor, etc. Cambridge University Press
Date of publication, distribution, etc. 2007
300 ## - PHYSICAL DESCRIPTION
Extent xiii, 209p. ; 22cm.
440 ## - SERIES STATEMENT/ADDED ENTRY--TITLE
Title Key topics in sociolinguistics
653 ## - INDEX TERM--UNCONTROLLED
Uncontrolled term Language and languages--Variation
653 ## - INDEX TERM--UNCONTROLLED
Uncontrolled term Language and languages--Style
653 ## - INDEX TERM--UNCONTROLLED
Uncontrolled term Sociolinguistics
653 ## - INDEX TERM--UNCONTROLLED
Uncontrolled term Identity (Psychology)
653 ## - INDEX TERM--UNCONTROLLED
Uncontrolled term HS634
942 ## - ADDED ENTRY ELEMENTS (KOHA)
Source of classification or shelving scheme Dewey Decimal Classification
Koha item type Book
Holdings
Withdrawn status Lost status Source of classification or shelving scheme Damaged status Not for loan Home library Current library Shelving location Date acquired Source of acquisition Total Checkouts Full call number Barcode Date last seen Price effective from Koha item type
    Dewey Decimal Classification     LRC, IIT Indore LRC, IIT Indore 3rd Floor - General Stack 09/04/2026 PO_2025-26_PO-86 ,Vendor: International Book Agency, Lucknow ; Inv. No.: IN471/25-26, dt.25.03.2026 ; Price: GBP 36.00   417.7 COU 38810 09/04/2026 09/04/2026 Book
Copyright © 2024, 2021, 2017 Indian Institute of Technology Indore. All Rights Reserved.
Managed & maintained by Learning Resource Center, IIT Indore